000 01449cam a22003974i 4500
003 PE-LiUPU
005 20250731173207.0
008 150625s r 000 0 d
035 _a(Sirsi) a31556
040 _aPE-LiUPU
_bspa
_cPE-LiUPU
_erda
082 0 4 _a220.63
_bBEB
_221
100 1 _aEscudero Freire, Carlos,
_eautor.
245 1 0 _aDevolver El Evangelio a Los Pobres.
_n19.
264 1 _aSalamanca :
_bEdiciones Sigueme,
_c1978.
300 _a460 páginas ;
_c21 cm.
336 _atext
_2rdacontent
337 _aunmediated
_2rdamedia
338 _avolume
_2rdacarrier
505 0 _aAnuncio del nacimiento de Juan el Bautista. -La anunaciacion. -La visistacion y el Benedictus. -Nacimiento de Jesus. -Circuncicion y presentacion de Jesus. -Protagonismo de Jesus a los doces años.
526 _aSEG42
526 _aSEG41
526 _aSEG40
526 _aSEG39
526 _aP94
526 _aP87
526 _aP86
526 _aP85
526 _aP77
526 _aP76
526 _aP35
942 _2ddc
_cBOOK
949 _a220.63 BEB 19
_wDEWEY
_c1
_i37095
_lCCODEBUL1
_mBUL
_p00.00
_r0
_sY
_tBOOK
_u2015-06-25
_xBIBLIOTECA
_zUNKNOWN
_0COMPRA
_o.STAFF. Colección General
596 _a1
999 _a220.63 BEB 19
_wDEWEY
_c39118
_i37095
_d39118
_e2018-4-25
_f2021-11-11
_g5
_lCCODEBUL1
_mBUL
_n2
_r0
_sY
_tBOOK
_u2015-6-25
_xTEOLOGIA
_zUNKNOWN
_0COMPRA
_o.STAFF. Colección General
980 _81
_gALBERTO SANCHEZ Responsable de Automatización